000 00693nam a2200289Ia 4500
005 20260324134629.0
008 008 260324s9999 xx 000 0 eng d
020 _a9780429179464
037 _aEBOOK
040 _aCRL
040 _beng
040 _cCRL
041 _2eng
041 _aeng
084 _qCRL
100 _aJon H. Kaas
_91197554
245 0 _aMutable Brain
245 0 _bDynamic and Plastic Features of the Developing and Mature Brain
260 _bTaylor and Francis
260 _c2001
365 _a
365 _b300
856 _uhttp://www.taylorfrancis.com/books/9780429179464
942 _cEBOOK
999 _c1797832
_d1797832